000 00478nam a2200181Ia 4500
003 GCL
008 140319s9999 xx 000 0 eng d
040 _aGCL /
_cGCL
082 0 4 _a025.5
_bC H
100 1 _aCOOTE, HELEN
245 1 0 _aHOW TO MARKET YOUR LIBRARY SERVICE EFFECTIVELY ? /
_cCOOTE, HELEN
260 _a[S.N] :
_bASLIB ،
_c1994
300 _a47 P
650 0 4 _aLIBRARY SCIENCE
650 0 4 _aINFORMATION SCIENCE
650 0 4 _aLIBRARY SERVICES
942 _2ddc
_cBK
999 _c16267
_d16267